One Piece Characters - Skypiea Saga - Statistics

General Stats
  • This quiz has been taken 38 times
  • The average score is 47 of 87
Answer Stats
Hint Answer % Correct
Straw Hat Pirates Monkey D. Luffy
100%
Straw Hat Pirates Nico Robin
100%
Straw Hat Pirates Roronoa Zoro
100%
Straw Hat Pirates Sanji
100%
Straw Hat Pirates Tony Tony Chopper
100%
Buggy Pirates Buggy
97%
Straw Hat Pirates Nami
97%
Straw Hat Pirates Usopp
97%
Skypiea - Rulers Enel
94%
Blackbeard Pirates Marshall D. Teach
94%
Bellamy Pirates Bellamy
90%
Buggy Pirates Alvida
87%
Blackbeard Pirates Doc Q
87%
Saruyama Alliance Mont Blanc Cricket
87%
Blackbeard Pirates Jesus Burgess
84%
Blackbeard Pirates Van Augur
84%
Buggy Pirates Cabaji
81%
Buggy Pirates Richie
81%
Skypiea - Shandia Aisa
77%
Warlords of the Sea Donquixote Doflamingo
77%
Blackbeard Pirates Laffitte
77%
Skypiea - Citizens Pagaya
77%
Whitebeard Pirates Portgas D. Ace
77%
Skypiea - God's Army Satori
77%
Warlords of the Sea Bartholomew Kuma
74%
Skypiea - Citizens Conis
74%
Ancient Shandia Kalgara
74%
Saruyama Alliance Masira
74%
Lvneel Kingdom Mont Blanc Noland
74%
Skypiea - Shandia Nola
74%
Skypiea - God's Army Ohm
74%
Skypiea - Shandia Wyper
74%
Whitebeard Pirates Edward Newgate
71%
Skypiea - Rulers Gan Fall
71%
Warlords of the Sea Dracule Mihawk
68%
Skypiea - God's Army Gedatsu
68%
Buggy Pirates Mohji
68%
Bellamy Pirates Sarquiss
68%
Skypiea - Citizens Pierre
65%
Skypiea - God's Army Shura
65%
Blackbeard Pirates Stronger
65%
Skypiea - God's Army Kotori
61%
Marines Sengoku
61%
Skypiea - Shandia Braham
58%
Shank's Messenger Rockstar
58%
Skypiea - Citizens Su
58%
Skypiea - God's Army Hotori
55%
Skypiea - Shandia Kamakiri
55%
Saruyama Alliance Shoujou
55%
Skypiea - God's Army Yama
55%
Skypiea - Citizens Amazon
52%
Marines Tsuru
52%
Skypiea - Citizens McKinley
48%
Skypiea - Shandia Raki
45%
Skypiea - Shandia Genbo
39%
Skypiea - God's Army Holy
39%
Bellamy Pirates Lily
39%
Bellamy Pirates Eddy
35%
Skypiea - God's Army Fuza
35%
Jaya - Pirates Roshio
35%
Ancient Shandia Mousse
32%
Bellamy Pirates Ross
29%
Bellamy Pirates Hewitt
26%
Ancient Shandia Seto
26%
Bellamy Pirates Mani
23%
Bellamy Pirates Muret
23%
Jaya - Citizens Terry
23%
Ancient Shandia Herb
19%
Skypiea - Shandia Isa
19%
Jaya - Citizens Jobo
19%
Skypiea - Citizens Mochi
19%
Bellamy Pirates Rivers
19%
Jaya - Citizens Spector
19%
Ancient Shandia Coburn
16%
Skypiea - God's Army Gode
16%
Skypiea - Citizens Moyle
16%
Skypiea - Shandia Shandia Chief
16%
Skypiea - Rulers Ubau
16%
Lvneel Kingdom Aruyutayan V
13%
Lvneel Kingdom Honner
13%
Skypiea - Citizens Marilyn
13%
Miner That Buggy Meets Master
13%
Skypiea - Shandia Yotsubane
13%
Skypiea - Shandia Mayushika
10%
Skypiea - Shandia Warashi
10%
Skypiea - Trespasser Killed in Front of Nami Zabo
10%
Jaya - Pirates Okome
3%
No matching quizzes found
Score Distribution
Percent of People with Each Score
Percentile by Number Answered
Your Score History
You have not taken this quiz